Psychologie komunikace
Na minha lista:
| Autor principal: | |
|---|---|
| Outros Autores: | , |
| Formato: | Livro |
| Idioma: | tcheco |
| Publicado em: |
Praha
GRADA
2023
|
| Edição: | 1. vydání |
| Assuntos: | |
| Tags: |
Sem tags, seja o primeiro a adicionar uma tag!
|
MARC
| LEADER | 00000nam a2200000 4500 | ||
|---|---|---|---|
| 001 | 0305135 | ||
| 005 | 20250103100018.3 | ||
| 020 | |a 978-80-271-1388-0 | ||
| 041 | 0 | |a cze | |
| 044 | |a CZ | ||
| 245 | 1 | 0 | |a Psychologie komunikace |c Hedvika Boukalová ... [et al.] |
| 250 | |a 1. vydání | ||
| 264 | 1 | |a Praha |b GRADA |c 2023 | |
| 300 | |a 218 s. | ||
| 610 | 2 | 0 | |a komunikácia verbálna |
| 610 | 2 | 0 | |a komunikácia neverbálna |
| 610 | 2 | 0 | |a komunikácia interpersonálna |
| 610 | 2 | 0 | |a komunikácia interkultúrna |
| 610 | 2 | 0 | |a komunikácia masmediálna |
| 610 | 2 | 0 | |a komunikácia sociálna |
| 610 | 2 | 0 | |a psychológia |
| 100 | 1 | |a Boukalová, Hedvika | |
| 700 | 1 | |a Cerha, Ondřej | |
| 700 | 1 | |a Sedláček, Mojmír | |